| 000 | 02745 a2200361 4500 | ||
|---|---|---|---|
| 001 | 60074 | ||
| 005 | 20260407155853.0 | ||
| 008 | 260407a1986 arg spa d | ||
| 003 | AR-UNSa-BCEJYS | ||
| 040 |
_aAR-UNSa-BCEJYS _bspa _cAR-UNSa-BCEJYS |
||
| 080 |
_a342.52 _xPoder legislativo |
||
| 245 | 1 | 0 | _aAtribuciones del Congreso Argentino |
| 264 | 1 |
_aBuenos Aires : _bEdiciones Depalma _c1986 |
|
| 300 |
_axiv, 609 p. _c23 cm. |
||
| 505 | _a1. Facultades del Congreso: reflexiones sobre la influencia doctrinal norteamericana - 2. Sistematización de las funciones del Congreso en orden a sus atribuciones - 3. Nación y provincias: competencias. Enfoque histórico-político - 4. Recursos financieros de la Nación - 5. El régimen constitucional de las tierras de propiedad nacional - 6. Bancos, monedas, pesas y medidas - 7. Los subsidios a las provincias - 8. Problemas generados por el aprovechamiento de ríos interprovinciales - 9. Las facultades legislativas respecto de códigos, leyes generales y leyes especiales - 10. La cláusula comercial - 11. Facultades del Congreso en materia de límites interprovinciales - 12. Facultades legislativas en materia de educación - 13. Las atribuciones del Congreso en materia demográfica - 14. El Poder Legislativo y el derecho constitucional de los extranjeros - 15. Amnistía política - 16. El régimen jurídico de los tratados internacionales en la República Argentina - 17. El Congreso y la materia religiosa - 18. Fuerzas armadas. Poderes de que depende su formación y control - 19. Los establecimientos de utilidad nacional en la doctrina constitucional - 20. El poder de provisión o reserva en el Estado federal argentino a la luz de la cláusula instrumental genérica - 21. La función electoral del Congreso - 22. La investigación congresional: las comisiones investigadoras - 23. El juicio político - 24. Atribuciones del Congreso y del presidente sobre intervenciones federales mediante los proyectos de la ley y sus debates (siglo XIX y XX) - 25. Intervenciones federales. | ||
| 041 | _aspa | ||
| 942 | _cBK | ||
| 590 | _aniveau_biblio:m niveau_hierar:0 | ||
| 100 | 1 | _aInstituto Argentino de Estudios Constitucionales y Políticos | |
| 700 | 1 | _aPérez Guilhou, Dardo | |
| 700 | 1 | _aCalderon, Raúl Enoc | |
| 700 | 1 | _aCastorina de Tarquini, María Celia | |
| 700 | 1 | _aEgües, Carlos Alberto | |
| 700 | 1 | _aFarrando, Ismael | |
| 700 | 1 | _aLópez, Joaquín Manuel Rufino | |
| 700 | 1 | _aLuna, Eduardo Fernando | |
| 700 | 1 | _aMartínez Peroni, José Luis | |
| 700 | 1 | _aRamella de Jefferies, Susana | |
| 700 | 1 | _aReina, Ana María | |
| 700 | 1 | _aSeghesso de López Aragón, María Cristina | |
| 700 | 1 | _aSegovia, Juan Fernando | |
| 700 | 1 | _aSeisdedos, Felipe | |
| 999 |
_c6876 _d6876 |
||